000 00197 a2200097 4500
001 5482
100 _aGrimsehl,E
245 _aText Book of physics
260 _a
_bBlackie
_c
090 _c4498
_d4498
942 _aNUST-CAE
_cM
_c30820
999 _c240555
_d240555